000 00675nam a2200241 i 4500
001 000020736
003 DO-SdBNP
005 20230621095015.0
007 ta
008 100813s1949 dr 000 0 spa d
040 _aDO-SdBNP
_bspa
_cBNPHU
_erda
082 4 _bG643t
_222
100 _943492
245 1 0 _aTierra mía ! :
_blibro primero de lectura /
_cCarlos Gonzalez N.
264 _aSanto Domingo :
_bEl Caribe,
_c1949
300 _a170 paginas :
_bilustrados ;
_c26 cm.
336 _2rdacontent
_atexto
_btxt
337 _2rdamedia
_asin mediación
_bn
338 _2rdacarrier
_avolumen
_bnc
590 _aInventariado, 2023 / DG
910 _aDG
942 _2ddc
_cLBS1
999 _c53874
_d53874